000 00581nam a2200229Ia 4500
003 OSt
005 20220923225051.0
006 a|||||r|||| 00| 0
007 ta
008 Pun
024 _a256,167
037 _cTextual
040 _aARTS
_cARTS
_bPun
041 _2Pun
_aPun
082 _aO153,1N50x, N5
100 _aਚੰਦਨ, ਅਮਰਜੀਤ
_9156291
245 0 _aਜਰਾਂ
260 _c1995
650 _aਪੰਜਾਬੀ ਸਾਹਿਤ
942 _hO153,1N50x, N5
_cTEXL
_2CC
999 _c375813
_d375813